000 00373nam a2200157Ia 4500
008 151213s9999 xx 000 0 und d
100 _aL.C.B.Grower
245 _aThe Principle of Modern Company Law
_cL.C.B.Grower
250 _a1st
260 _aAustralia
_c1969
300 _a3222 p.
650 _aLaw
650 _aLaw
700 _aL.C.B.Grower
999 _c2221
_d2221